000 00776nam a2200253Ia 4500
003 OSt
005 20220918165918.0
006 a|||||r|||| 00| 0
007 ta
008 220917b |||||||| |||| 00| 0 eng d
020 _a8179860639 (pbk)
_c350
024 _a243,218
037 _b30, 07/07/2010, Sunrise Books
_cTextual
040 _aARTS
_cARTS
_beng
041 _2eng
_aeng
082 _aV29W.P1, P6
100 _aBarua Lalit Kumar
_926096
245 0 _aEducation and culture in North East India (1826-2000)
260 _aShimla
_bIndian Institute of Advanced Study India
_c2006
300 _axiii,262p.
_ccm.
650 _aHISTORY
942 _hV29W.P1, P6
_cTEXL
_2CC
999 _c131694
_d131694